| 000 | 00614cam a22002053a 4500 | ||
|---|---|---|---|
| 001 | 38641 | ||
| 003 | PGUSA | ||
| 005 | 20140828083842.0 | ||
| 008 | 120122s2012||||xxu|||||s|||||000 | eng d | ||
| 040 |
_aPGUSA _beng |
||
| 042 | _adc | ||
| 100 | 1 |
_aBenedek, Elek, _d1859-1929 |
|
| 245 | 1 | 0 |
_aÉdes anyaföldem! (1. kötet) : _bEgy nép s egy ember története _h[electronic resource] / _cElek Benedek |
| 260 |
_bProject Gutenberg, _c2012 |
||
| 506 | _aPublic domain in the USA. | ||
| 516 | _aElectronic text | ||
| 830 | 0 |
_aProject Gutenberg _v38641 |
|
| 856 | 4 | 0 | _uhttp://www.gutenberg.org/ebooks/38641 |
| 942 | _cEB | ||
| 999 |
_c267895 _d267895 |
||